| 000 | 00384 a2200145 4500 | ||
|---|---|---|---|
| 005 | 20250618130106.0 | ||
| 020 | _a0-256-25256-4 | ||
| 082 | _a658 GOM | ||
| 100 | _aGOMEZ-MEJIA, R. L | ||
| 245 | _aManagement | ||
| 260 |
_aNew York _bMcGraw-Hill Irwin _c2002. |
||
| 300 |
_axxxi,448p.: ill.; figures _bIndex, Glossary, References _c28cm |
||
| 700 | _aDavid B. Balkin | ||
| 942 |
_2ddc _cBKS |
||
| 999 |
_c4300 _d4300 |
||